[Event "MP Reykjavik Open 2011"]
[Site "Reykjavik ISL"]
[Date "2011.03.14"]
[Round "7.35"]
[White "Einarsson, Halldor Gretar"]
[Black "Johannesson, Ingvar Thor"]
[Result "0-1"]
[WhiteElo "2220"]
[BlackElo "2338"]
[PlyCount "112"]
[EventDate "2011.03.09"]
[EventType "swiss"]
[EventRounds "9"]
[EventCountry "ISL"]
[Source "lmi"]
[SourceDate "2011.03.09"]

1. d4 Nf6 2. c4 c5 3. d5 e5 4. Nc3 d6 5. g3 Be7 6. h4 O-O 7. Bh3 Na6 8. e4 Nc7
9. g4 a6 10. a4 b6 11. g5 Nfe8 12. Nge2 Bxh3 13. Rxh3 Qd7 14. Qd3 Rb8 15. b3 b5
16. axb5 axb5 17. Ra7 bxc4 18. bxc4 Ra8 19. Rxa8 Nxa8 20. Rf3 Nb6 21. Ng3 g6
22. Nge2 Ng7 23. Nd1 Qg4 24. Rg3 Qxh4 25. Ne3 Nh5 26. Rg4 Qh1+ 27. Nf1 f5 28.
exf5 Rxf5 29. f4 e4 30. Qc3 Bf8 31. Rg1 Qh4+ 32. Kd1 Nxf4 33. Nxf4 Rxf4 34. Bb2
Na4 35. Qh8+ Kf7 36. Ba1 Qh3 37. Ng3 e3 38. Bf6 Qh2 39. Ne2 Rf2 40. Re1 Qh5 41.
Ba1 Qh4 42. Bf6 Nb6 43. Ba1 Nxc4 44. Kc1 Nd2 45. Bc3 Nc4 46. Ng3 e2 47. Nxe2
Qxg5+ 48. Kb1 Qf5+ 49. Ka1 Qh3 50. Ng3 Qh2 51. Ne2 Ne5 52. Nc1 Qh3 53. Na2 g5
54. Bxe5 dxe5 55. d6 Bg7 56. Qd8 e4+ 0-1

[Event "MP Reykjavik Open 2011"]
[Site "Reykjavik ISL"]
[Date "2011.03.14"]
[Round "7.36"]
[White "Andersson, Christin"]
[Black "Karavade, Eesha"]
[Result "1/2-1/2"]
[WhiteElo "2163"]
[BlackElo "2330"]
[PlyCount "109"]
[EventDate "2011.03.09"]
[EventType "swiss"]
[EventRounds "9"]
[EventCountry "ISL"]
[Source "lmi"]
[SourceDate "2011.03.09"]

1. e4 c5 2. Nf3 d6 3. Bb5+ Nd7 4. d4 Ngf6 5. Nc3 a6 6. Bxd7+ Nxd7 7. e5 cxd4 8.
Qxd4 dxe5 9. Nxe5 e6 10. Nxd7 Bxd7 11. Be3 Bc6 12. f3 Qxd4 13. Bxd4 O-O-O 14.
O-O-O Bd6 15. Ne4 Bf4+ 16. Kb1 e5 17. Bb6 Rxd1+ 18. Rxd1 Bxe4 19. fxe4 Bxh2 20.
Rd5 Re8 21. Kc1 Bf4+ 22. Kd1 h5 23. Ke2 g5 24. c4 g4 25. Rc5+ Kd7 26. Rc7+ Ke6
27. Rxb7 Rc8 28. Rc7 Rb8 29. Rc6+ Kd7 30. Rc7+ Ke8 31. c5 h4 32. Ra7 h3 33.
gxh3 gxh3 34. Kf2 Rc8 35. Rxa6 h2 36. Kg2 Kd7 37. Kh1 Rg8 38. c6+ Kxc6 39. Bf2+
Kb5 40. Rb6+ Kc4 41. Rb3 Ra8 42. Rc3+ Kb5 43. Be3 Bxe3 44. Rxe3 Rxa2 45. Rf3
Rxb2 46. Rxf7 Kc4 47. Rc7+ Kd4 48. Rc4+ Ke3 49. Rc3+ Ke2 50. Rc5 Kf3 51. Rxe5
Kg3 52. Rg5+ Kh3 53. Rh5+ Kg3 54. Rg5+ Kh3 55. Rh5+ 1/2-1/2

[Event "MP Reykjavik Open 2011"]
[Site "Reykjavik ISL"]
[Date "2011.03.14"]
[Round "7.37"]
[White "Michalczak, Thomas"]
[Black "Sellitti, Federico"]
[Result "1/2-1/2"]
[WhiteElo "2332"]
[BlackElo "2142"]
[PlyCount "144"]
[EventDate "2011.03.09"]
[EventType "swiss"]
[EventRounds "9"]
[EventCountry "ISL"]
[Source "lmi"]
[SourceDate "2011.03.09"]

1. e4 c5 2. c3 Nf6 3. e5 Nd5 4. Nf3 e6 5. d4 cxd4 6. cxd4 d6 7. Bc4 Nc6 8. O-O
Be7 9. exd6 Qxd6 10. Nc3 O-O 11. Re1 a6 12. Bb3 Rd8 13. g3 Bf6 14. Bxd5 exd5
15. Bf4 Qf8 16. Bc7 Bg4 17. Bxd8 Rxd8 18. h3 Bxf3 19. Qxf3 Nxd4 20. Qd3 g6 21.
Rad1 Kg7 22. Kg2 Qd6 23. Rd2 b5 24. Red1 Qc6 25. Ne2 Ne6 26. Rc2 Qb7 27. h4 d4+
28. Kh2 Qd5 29. b4 g5 30. Nc3 Qe5 31. hxg5 dxc3 32. gxf6+ Qxf6 33. Qf1 Rxd1 34.
Qxd1 Nd4 35. Qg4+ Kf8 36. Qc8+ Kg7 37. Qg4+ Kf8 38. Qc8+ Kg7 39. Rxc3 Qxf2+ 40.
Kh3 Qf1+ 41. Kh2 Nf3+ 42. Rxf3 Qxf3 43. Qxa6 Qe2+ 44. Kh3 Qe6+ 45. Qxe6 fxe6
46. a4 bxa4 47. b5 a3 48. b6 a2 49. b7 a1=Q 50. b8=Q Qf6 51. Qc7+ Kg6 52. g4
Kg5 53. Qa5+ e5 54. Qd2+ Qf4 55. Qd8+ Kg6 56. Qd6+ Qf6 57. Qd3+ Kg7 58. Qd7+
Qf7 59. Qd3 Qe6 60. Qe4 Qh6+ 61. Kg3 Qf6 62. Qb7+ Kg6 63. Qa8 Kh6 64. Qh1+ Kg6
65. Qa8 Qf4+ 66. Kh3 Kh6 67. Qg8 Qf6 68. Kg3 e4 69. Qe8 Qf3+ 70. Kh4 Qh1+ 71.
Kg3 Qg1+ 72. Kh3 Qh1+ 1/2-1/2

[Event "MP Reykjavik Open 2011"]
[Site "Reykjavik ISL"]
[Date "2011.03.14"]
[Round "7.38"]
[White "Geske, Julian"]
[Black "Ingvason, Johann"]
[Result "1-0"]
[WhiteElo "2329"]
[BlackElo "2135"]
[PlyCount "105"]
[EventDate "2011.03.09"]
[EventType "swiss"]
[EventRounds "9"]
[EventCountry "ISL"]
[Source "lmi"]
[SourceDate "2011.03.09"]

1. d4 d5 2. c4 e6 3. Nf3 c6 4. e3 Nd7 5. b3 Bd6 6. Bb2 f5 7. Bd3 Ngf6 8. O-O
Ne4 9. Ne5 O-O 10. f3 Bxe5 11. dxe5 Nec5 12. Bc2 dxc4 13. bxc4 Qh4 14. Qd4 Qe7
15. Ba3 b6 16. Nc3 Ba6 17. Rfd1 Rfd8 18. Ne2 g5 19. Qc3 Qg7 20. Rd6 Nxe5 21.
Rxd8+ Rxd8 22. Bb2 Ncd7 23. Rd1 Bxc4 24. Ng3 Bd5 25. f4 gxf4 26. exf4 h5 27.
fxe5 h4 28. Rxd5 cxd5 29. Nh5 Qf7 30. Qc7 Rf8 31. Bd1 Nc5 32. Qd6 Ne4 33. Qa3
Qc7 34. Nf6+ Nxf6 35. exf6 Qc5+ 36. Qxc5 bxc5 37. Be5 Kh7 38. Ba4 Kg6 39. g3 h3
40. Kf2 Rd8 41. Ke3 Kf7 42. Bd1 Kg6 43. g4 d4+ 44. Kd3 fxg4 45. Bxg4 c4+ 46.
Kxc4 d3 47. Bd1 Kf5 48. Bc3 e5 49. f7 Ke6 50. Bh5 e4 51. Bb4 Rc8+ 52. Bc5 Rxc5+
53. Kxc5 1-0

[Event "MP Reykjavik Open 2011"]
[Site "Reykjavik ISL"]
[Date "2011.03.14"]
[Round "7.39"]
[White "Guindy, Esmat"]
[Black "Piasetski, Leon"]
[Result "0-1"]
[WhiteElo "2153"]
[BlackElo "2299"]
[PlyCount "88"]
[EventDate "2011.03.09"]
[EventType "swiss"]
[EventRounds "9"]
[EventCountry "ISL"]
[Source "lmi"]
[SourceDate "2011.03.09"]

1. d4 f5 2. c4 Nf6 3. Nf3 e6 4. Nc3 Bb4 5. Qb3 a5 6. Nd2 b6 7. e3 Bb7 8. f3 Nh5
9. g3 Qg5 10. Kf2 O-O 11. Nb5 Na6 12. a3 a4 13. Qc2 Be7 14. Bg2 Qh6 15. Re1 g5
16. Kg1 f4 17. exf4 gxf4 18. g4 Ng7 19. Qxa4 Qg6 20. Qb3 Bh4 21. Rf1 Rab8 22.
a4 c5 23. d5 Nb4 24. Nd6 Ba8 25. dxe6 Nxe6 26. N2e4 Nd4 27. Qd1 Be7 28. Nb5
Ndc2 29. Rb1 d5 30. cxd5 Bxd5 31. Bd2 Rbd8 32. Qe2 Qf7 33. Bxb4 Nxb4 34. Nd2
Bh4 35. Qe5 Rfe8 36. Qc7 Re2 37. Rbd1 Qxc7 38. Nxc7 Bc6 39. Nc4 Bxa4 40. Rxd8+
Bxd8 41. Ra1 Bc6 42. Na6 Nc2 43. Rd1 Nd4 44. Rc1 Bb5 0-1

[Event "MP Reykjavik Open 2011"]
[Site "Reykjavik ISL"]
[Date "2011.03.14"]
[Round "7.40"]
[White "Braig, Frank"]
[Black "Karason, Askell O"]
[Result "0-1"]
[WhiteElo "2105"]
[BlackElo "2258"]
[PlyCount "100"]
[EventDate "2011.03.09"]
[EventType "swiss"]
[EventRounds "9"]
[EventCountry "ISL"]
[Source "lmi"]
[SourceDate "2011.03.09"]

1. e4 c5 2. Nf3 Nc6 3. d4 cxd4 4. Nxd4 g6 5. Nxc6 bxc6 6. Qd4 Nf6 7. e5 Nd5 8.
e6 Nf6 9. exf7+ Kxf7 10. Bc4+ d5 11. Bb3 e5 12. Qh4 Bg7 13. O-O Be6 14. Bh6 Ne4
15. Qxd8 Raxd8 16. Bxg7 Kxg7 17. Re1 Kf6 18. f3 Nc5 19. Nc3 a5 20. Re2 Rhe8 21.
Rae1 Bf7 22. Ba4 Re6 23. Kf2 g5 24. Kg3 Rb8 25. b3 Rd8 26. Kg4 Bg6 27. a3 h5+
28. Kg3 h4+ 29. Kf2 d4 30. Rd1 Ke7 31. Red2 Rf8 32. Ne2 Ne4+ 33. Kg1 Nxd2 34.
Rxd2 Rb8 35. c3 c5 36. b4 axb4 37. axb4 d3 38. Nc1 cxb4 39. c4 Ra8 40. Bd1 Ra1
41. Nb3 Rb1 42. Kf2 e4 43. fxe4 Rxe4 44. c5 Rc4 45. Ke3 Rc3 46. Nd4 Rxc5 47.
Bf3 b3 48. Nc6+ Kd6 49. Nd8 Rc2 50. Nb7+ Kc7 0-1

[Event "MP Reykjavik Open 2011"]
[Site "Reykjavik ISL"]
[Date "2011.03.14"]
[Round "7.41"]
[White "Thorgeirsson, Sverrir"]
[Black "Herms Agullo, Jordi"]
[Result "0-1"]
[WhiteElo "2233"]
[BlackElo "2098"]
[PlyCount "86"]
[EventDate "2011.03.09"]
[EventType "swiss"]
[EventRounds "9"]
[EventCountry "ISL"]
[Source "lmi"]
[SourceDate "2011.03.09"]

1. e4 e5 2. Nf3 Nc6 3. Bb5 a6 4. Bxc6 dxc6 5. O-O Be6 6. Nxe5 Qd4 7. Nf3 Qxe4
8. Ng5 Qf5 9. Nxe6 fxe6 10. Qe2 O-O-O 11. d3 Nf6 12. Re1 Kb8 13. Nd2 Bc5 14.
Nb3 Bd6 15. g3 Rde8 16. Nd2 h5 17. h4 g5 18. Nf3 gxh4 19. Nxh4 Qh3 20. Qf1 Qg4
21. Qe2 Qg7 22. Bd2 Rhg8 23. Kh1 Ng4 24. Bc3 Qg5 25. Rg1 Qd5+ 26. f3 Nh6 27.
Qf2 Nf5 28. Nxf5 Qxf5 29. Raf1 Qh3+ 30. Qh2 Rxg3 31. f4 Rxg1+ 32. Rxg1 Qf3+ 33.
Qg2 Qxf4 34. Qh3 h4 35. Rf1 Qg5 36. Qg2 Qh5 37. Qf3 Qd5 38. Qxd5 exd5 39. Kg2
Re2+ 40. Kh3 Bg3 41. Bd4 b6 42. c4 dxc4 43. dxc4 Re4 0-1

[Event "MP Reykjavik Open 2011"]
[Site "Reykjavik ISL"]
[Date "2011.03.14"]
[Round "7.42"]
[White "Larusson, Petur Atli"]
[Black "Thorsteinsson, Thorsteinn"]
[Result "0-1"]
[WhiteElo "2095"]
[BlackElo "2220"]
[PlyCount "72"]
[EventDate "2011.03.09"]
[EventType "swiss"]
[EventRounds "9"]
[EventCountry "ISL"]
[Source "lmi"]
[SourceDate "2011.03.09"]

1. e4 c5 2. Nf3 Nc6 3. Nc3 g6 4. g3 Bg7 5. Bg2 e6 6. O-O Nge7 7. Re1 d6 8. d3
O-O 9. Be3 Nd4 10. Qd2 Nec6 11. Nd1 b6 12. c3 Nxf3+ 13. Bxf3 Ba6 14. Bg2 Ne5
15. c4 b5 16. f4 Ng4 17. Rc1 bxc4 18. dxc4 Rb8 19. b3 Qc7 20. h3 Nxe3 21. Nxe3
Bb7 22. Nd1 Bc6 23. Qc2 Qb7 24. Nc3 Rfd8 25. Kh2 Qe7 26. Rcd1 g5 27. f5 Be5 28.
Qd3 Kh8 29. Ne2 Qb7 30. Qf3 Rg8 31. Rf1 Rg7 32. Kh1 g4 33. hxg4 Rbg8 34. Nf4
exf5 35. gxf5 Rxg3 36. Qh5 Bxe4 0-1

[Event "MP Reykjavik Open 2011"]
[Site "Reykjavik ISL"]
[Date "2011.03.14"]
[Round "7.43"]
[White "Ragnarsson, Johann"]
[Black "Omarsson, Dadi"]
[Result "0-1"]
[WhiteElo "2089"]
[BlackElo "2214"]
[PlyCount "74"]
[EventDate "2011.03.09"]
[EventType "swiss"]
[EventRounds "9"]
[EventCountry "ISL"]
[Source "lmi"]
[SourceDate "2011.03.09"]

1. d4 Nf6 2. c4 g6 3. Nc3 Bg7 4. e4 d6 5. f3 O-O 6. Bg5 a6 7. Bd3 Nbd7 8. Nh3
c5 9. d5 Ne5 10. Nf2 b5 11. cxb5 Nxd3+ 12. Nxd3 axb5 13. b4 cxb4 14. Nxb4 Qa5
15. Rb1 Bd7 16. O-O Rfc8 17. Qd2 Rc4 18. Ne2 Rac8 19. Nd4 Nxe4 20. fxe4 Bxd4+
21. Kh1 f6 22. Nc6 Qxd2 23. Bxd2 Bxc6 24. dxc6 R8xc6 25. Rxb5 Rc2 26. Bh6 Rxa2
27. Rb7 Kf7 28. Rb8 Rca6 29. g3 Ra1 30. Rxa1 Rxa1+ 31. Kg2 Ra2+ 32. Kh1 g5 33.
Rh8 Re2 34. Rxh7+ Kg6 35. Rh8 Rxe4 36. Bf8 f5 37. h4 Bxh8 0-1

[Event "MP Reykjavik Open 2011"]
[Site "Reykjavik ISL"]
[Date "2011.03.14"]
[Round "7.44"]
[White "Thorhallsson, Gylfi"]
[Black "Willis, Brad"]
[Result "1-0"]
[WhiteElo "2200"]
[BlackElo "2090"]
[PlyCount "155"]
[EventDate "2011.03.09"]
[EventType "swiss"]
[EventRounds "9"]
[EventCountry "ISL"]
[Source "lmi"]
[SourceDate "2011.03.09"]

1. d4 e6 2. c4 f5 3. Nc3 Nf6 4. g3 Bb4 5. Bg2 O-O 6. a3 Bxc3+ 7. bxc3 d6 8. Nf3
Qe8 9. O-O Nbd7 10. Qd3 Qh5 11. Nd2 e5 12. f3 b6 13. a4 Bb7 14. a5 e4 15. Qc2
exf3 16. exf3 Rfe8 17. axb6 axb6 18. Rxa8 Bxa8 19. Nb3 Qf7 20. d5 b5 21. cxb5
Bxd5 22. Nd4 Bc4 23. Rd1 g6 24. Bd2 Nc5 25. Ra1 Rb8 26. Bh6 Qd7 27. Bf1 Bxf1
28. Qa2+ Qf7 29. Qa7 Re8 30. Rxf1 Ne6 31. Be3 Nc5 32. Bd2 Kg7 33. Ra1 Qd7 34.
b6 cxb6 35. Qxb6 Nd5 36. Qb1 Ne6 37. Qd3 Nc5 38. Qc4 Ne3 39. Qa2 Qf7 40. Qxf7+
Kxf7 41. Ra7+ Kg8 42. Nc6 Nc4 43. Bh6 Ne5 44. Ne7+ Kh8 45. Nd5 Ned7 46. Be3 Rd8
47. Kg2 Kg8 48. Bxc5 Nxc5 49. Nf6+ Kf8 50. Rxh7 Ne6 51. Kf2 Ng7 52. Ke3 Kf7 53.
Nd5 Re8+ 54. Kd2 Re6 55. Nf4 Rf6 56. h4 Kg8 57. Rh6 Kf7 58. Ke3 Ne6 59. Rh7+
Ng7 60. h5 Kg8 61. hxg6 Rxg6 62. Nxg6 Kxh7 63. Ne7 Kh6 64. f4 Kh5 65. Kf3 Kh6
66. Kg2 Kh5 67. Kh3 d5 68. Nxd5 Kg6 69. Kg2 Kf7 70. Kf3 Ke6 71. Ne3 Kd6 72. Ke2
Ke6 73. Kd3 Nh5 74. Nf1 Nf6 75. Kd4 Ne4 76. g4 Nxc3 77. Kxc3 fxg4 78. Ng3 1-0

[Event "MP Reykjavik Open 2011"]
[Site "Reykjavik ISL"]
[Date "2011.03.14"]
[Round "7.45"]
[White "Byron, Alan M"]
[Black "Hajenius, Willem"]
[Result "1-0"]
[WhiteElo "2183"]
[BlackElo "2028"]
[PlyCount "71"]
[EventDate "2011.03.09"]
[EventType "swiss"]
[EventRounds "9"]
[EventCountry "ISL"]
[Source "lmi"]
[SourceDate "2011.03.09"]

1. e4 c5 2. Nf3 e6 3. d4 cxd4 4. Nxd4 Nf6 5. Nc3 Nc6 6. Ndb5 Bb4 7. a3 Bxc3+ 8.
Nxc3 d5 9. exd5 exd5 10. Bd3 h6 11. O-O O-O 12. h3 d4 13. Ne2 Re8 14. Re1 Nd5
15. Nf4 Rxe1+ 16. Qxe1 Nf6 17. Qe2 Bd7 18. Nh5 Nxh5 19. Qxh5 Qf6 20. f4 Ne7 21.
Bd2 Nf5 22. Re1 g6 23. Qe2 Qb6 24. b4 a6 25. Qf2 Qf6 26. Re5 Rd8 27. c3 dxc3
28. Bxc3 Qd6 29. Be4 b5 30. Rd5 Qe7 31. Bxf5 gxf5 32. Qg3+ Kf8 33. Qg7+ Ke8 34.
Qg8+ Qf8 35. Qxf8+ Kxf8 36. Bf6 1-0

[Event "MP Reykjavik Open 2011"]
[Site "Reykjavik ISL"]
[Date "2011.03.14"]
[Round "7.46"]
[White "Will, Matthias"]
[Black "Locci, Damiano"]
[Result "0-1"]
[WhiteElo "2047"]
[BlackElo "2177"]
[PlyCount "84"]
[EventDate "2011.03.09"]
[EventType "swiss"]
[EventRounds "9"]
[EventCountry "ISL"]
[Source "lmi"]
[SourceDate "2011.03.09"]

1. d4 d5 2. Nf3 Nc6 3. c3 Bg4 4. Bf4 e6 5. Nbd2 Bd6 6. Bxd6 cxd6 7. e4 dxe4 8.
Nxe4 Nf6 9. Nxf6+ Qxf6 10. Be2 O-O 11. O-O e5 12. d5 Ne7 13. Qa4 Bxf3 14. Bxf3
Ng6 15. Qg4 Qf4 16. Qxf4 Nxf4 17. Rad1 f5 18. g3 Ng6 19. Bh5 Ne7 20. f4 e4 21.
Rd4 Rfc8 22. Bd1 b5 23. Bb3 Rab8 24. a3 a5 25. Kf2 Rc5 26. Rfd1 Kf7 27. g4 g6
28. h4 h5 29. gxh5 gxh5 30. Rg1 Rg8 31. Rxg8 Nxg8 32. a4 Nf6 33. Bd1 Kg6 34.
Bb3 bxa4 35. Bxa4 Rxd5 36. Bc6 Rxd4 37. cxd4 Kf7 38. d5 Ke7 39. Ke3 Ng4+ 40.
Ke2 Nh2 41. Kf2 Nf3 42. Kg3 Nd4 0-1

[Event "MP Reykjavik Open 2011"]
[Site "Reykjavik ISL"]
[Date "2011.03.14"]
[Round "7.47"]
[White "Horn, Emilia"]
[Black "Sahl, Sheila Barth"]
[Result "1/2-1/2"]
[WhiteElo "2031"]
[BlackElo "2173"]
[PlyCount "57"]
[EventDate "2011.03.09"]
[EventType "swiss"]
[EventRounds "9"]
[EventCountry "ISL"]
[Source "lmi"]
[SourceDate "2011.03.09"]

1. e4 c5 2. Nf3 d6 3. d4 cxd4 4. Qxd4 a6 5. Bc4 Nc6 6. Qd3 e6 7. Nc3 Nf6 8. Bf4
Nh5 9. Be3 Be7 10. O-O-O O-O 11. h4 Qc7 12. Bb3 b5 13. Bg5 Rd8 14. Bxe7 Qxe7
15. Ng5 Ne5 16. Qe2 Nf4 17. Qd2 Nfg6 18. h5 Nf8 19. h6 g6 20. f4 Nc6 21. g4 Bb7
22. Rhf1 Na5 23. f5 Nxb3+ 24. axb3 f6 25. Nxe6 Nxe6 26. fxe6 Qxe6 27. g5 fxg5
28. Qxg5 Rf8 29. Rxf8+ 1/2-1/2

[Event "MP Reykjavik Open 2011"]
[Site "Reykjavik ISL"]
[Date "2011.03.14"]
[Round "7.48"]
[White "Burrows, Martin P"]
[Black "Mihajlov, Sebastian"]
[Result "1/2-1/2"]
[WhiteElo "2168"]
[BlackElo "1871"]
[PlyCount "50"]
[EventDate "2011.03.09"]
[EventType "swiss"]
[EventRounds "9"]
[EventCountry "ISL"]
[Source "lmi"]
[SourceDate "2011.03.09"]

1. e4 e5 2. Nf3 Nc6 3. Bb5 a6 4. Ba4 Nf6 5. O-O Be7 6. Re1 b5 7. Bb3 d6 8. c3
O-O 9. d4 Bb7 10. Nbd2 Re8 11. Nf1 Bf8 12. Ng3 g6 13. a4 Bg7 14. Qd3 Qd7 15.
Ng5 Nd8 16. axb5 axb5 17. Rxa8 Bxa8 18. d5 h6 19. Nf3 c6 20. dxc6 Bxc6 21. Bd2
Nb7 22. Bc2 Nc5 23. Qe2 Qb7 24. b4 Ne6 25. Qd1 Rd8 1/2-1/2

[Event "MP Reykjavik Open 2011"]
[Site "Reykjavik ISL"]
[Date "2011.03.14"]
[Round "7.49"]
[White "Van der Plas, Rob"]
[Black "Sverrisson, Nokkvi"]
[Result "1-0"]
[WhiteElo "2165"]
[BlackElo "1824"]
[PlyCount "89"]
[EventDate "2011.03.09"]
[EventType "swiss"]
[EventRounds "9"]
[EventCountry "ISL"]
[Source "lmi"]
[SourceDate "2011.03.09"]

1. d4 Nf6 2. c4 e6 3. Nc3 Bb4 4. Bg5 d5 5. cxd5 exd5 6. e3 O-O 7. Bd3 c6 8. Qc2
h6 9. Bh4 Be6 10. Nf3 Nbd7 11. h3 Rc8 12. Qb3 c5 13. O-O a5 14. Bb5 Qb6 15.
Bxd7 Nxd7 16. Nxd5 c4 17. Nxb6 cxb3 18. Nxc8 Rxc8 19. a3 Bd6 20. Rfc1 Nb6 21.
Rxc8+ Nxc8 22. Bg3 Be7 23. e4 Bc4 24. d5 b5 25. Nd2 Nb6 26. d6 Bd8 27. Be5 a4
28. Bc3 Nd7 29. Nxc4 bxc4 30. Bd4 Bg5 31. g3 Bd2 32. Kf1 c3 33. bxc3 Bg5 34. f4
Bd8 35. Ke2 f6 36. c4 Nb8 37. Kd3 Kf7 38. c5 Nc6 39. Bc3 Ke6 40. Kc4 Kd7 41.
Kb5 Na7+ 42. Kxa4 Kc6 43. Kxb3 Kxc5 44. Rd1 Kb5 45. a4+ 1-0

[Event "MP Reykjavik Open 2011"]
[Site "Reykjavik ISL"]
[Date "2011.03.14"]
[Round "7.50"]
[White "Thorsteinsdottir, Hallgerdur"]
[Black "Maack, Kjartan"]
[Result "1/2-1/2"]
[WhiteElo "2011"]
[BlackElo "2157"]
[PlyCount "110"]
[EventDate "2011.03.09"]
[EventType "swiss"]
[EventRounds "9"]
[EventCountry "ISL"]
[Source "lmi"]
[SourceDate "2011.03.09"]

1. e4 e5 2. Nf3 Nc6 3. Bc4 Bc5 4. c3 Nf6 5. d3 a6 6. Bb3 Ba7 7. Nbd2 O-O 8. O-O
d6 9. h3 Be6 10. Re1 h6 11. Nf1 Bxb3 12. axb3 Re8 13. Nh4 d5 14. exd5 Qxd5 15.
Ne3 Bxe3 16. Rxe3 e4 17. g3 Ne5 18. c4 Qd7 19. d4 c5 20. d5 Qxh3 21. Qf1 Qg4
22. Qe2 Nf3+ 23. Nxf3 exf3 24. Qxf3 Rxe3 25. Qxe3 Qd1+ 26. Kg2 Re8 27. Qd2 Qh5
28. f3 g5 29. g4 Nxg4 30. fxg4 Qxg4+ 31. Kf2 Re5 32. d6 Qh4+ 33. Kg2 Qg4+ 34.
Kf2 Qh4+ 35. Kg2 Re4 36. d7 Rg4+ 37. Kf1 Qh1+ 38. Ke2 Rg2+ 39. Kd3 Qh3+ 40. Qe3
Qxd7+ 41. Kc3 Qd6 42. Qe4 Qf6+ 43. Kd3 Qf1+ 44. Kc3 Re2 45. Be3 Qxa1 46. Qe8+
Kg7 47. Qe5+ Kg8 48. Qe8+ Kg7 49. Qe5+ f6 50. Qe7+ Kg6 51. Qe4+ f5 52. Qe8+ Kf6
53. Qf8+ Kg6 54. Qe8+ Kf6 55. Qf8+ Kg6 1/2-1/2

[Event "MP Reykjavik Open 2011"]
[Site "Reykjavik ISL"]
[Date "2011.03.14"]
[Round "7.51"]
[White "Rehfeldt, Frank"]
[Black "Degtiarev, Evgeny"]
[Result "1/2-1/2"]
[WhiteElo "2091"]
[BlackElo "2368"]
[PlyCount "120"]
[EventDate "2011.03.09"]
[EventType "swiss"]
[EventRounds "9"]
[EventCountry "ISL"]
[Source "lmi"]
[SourceDate "2011.03.09"]

1. e4 e5 2. Nf3 Nc6 3. Bc4 Nf6 4. Ng5 d5 5. exd5 Na5 6. Bb5+ c6 7. dxc6 bxc6 8.
Qf3 Rb8 9. Bd3 Bd6 10. h3 h6 11. Ne4 Nd5 12. b3 O-O 13. Na3 Be7 14. Ng3 Nf4 15.
Nc4 Be6 16. Nxa5 Qxa5 17. Bf5 Bd5 18. Be4 f5 19. Bxd5+ cxd5 20. O-O Bd6 21. d4
e4 22. Qd1 Ne6 23. Qh5 Bxg3 24. fxg3 Qc3 25. Ba3 Qxd4+ 26. Kh1 Rf7 27. Bd6 Rd8
28. Rad1 Qb6 29. Be5 Ng5 30. h4 Qe6 31. Bd4 Nh7 32. Kg1 Rc8 33. c3 g5 34. Rd2
e3 35. Re2 f4 36. gxf4 gxf4 37. Qe5 Qxe5 38. Bxe5 Rf5 39. Bd4 Re8 40. g3 Re4
41. Rxf4 Rexf4 42. gxf4 Rxf4 43. Bxa7 Rxh4 44. Kg2 Rg4+ 45. Kf3 h5 46. Bxe3 Kf7
47. Rg2 Nf6 48. Rxg4 hxg4+ 49. Kf4 Ne4 50. c4 Nc3 51. a3 dxc4 52. bxc4 Ke6 53.
Kxg4 Kd6 54. Kf5 Nb1 55. a4 Na3 56. c5+ Kc6 57. Ke4 Nc4 58. Bd4 Nd2+ 59. Kd3
Nb3 60. Kc4 Nxc5 1/2-1/2

[Event "MP Reykjavik Open 2011"]
[Site "Reykjavik ISL"]
[Date "2011.03.14"]
[Round "7.52"]
[White "Arngrimsson, Dagur"]
[Black "Mihajlov, Svetoslav"]
[Result "1-0"]
[WhiteElo "2367"]
[BlackElo "2087"]
[PlyCount "51"]
[EventDate "2011.03.09"]
[EventType "swiss"]
[EventRounds "9"]
[EventCountry "ISL"]
[Source "lmi"]
[SourceDate "2011.03.09"]

1. e4 e5 2. Nf3 Nc6 3. Bc4 Bc5 4. O-O d6 5. c3 Nf6 6. d3 a6 7. Bb3 Ba7 8. Nbd2
O-O 9. Re1 h6 10. Nf1 Re8 11. Ng3 d5 12. exd5 Nxd5 13. d4 Bg4 14. h3 Bxf3 15.
Qxf3 Nf6 16. Nf5 exd4 17. Bxh6 Ne5 18. Rxe5 Rxe5 19. Qg3 Ne8 20. Qxe5 gxh6 21.
Ne7+ Kf8 22. Re1 Ng7 23. Qf6 Ne6 24. Ng6+ Ke8 25. Rxe6+ fxe6 26. Qxe6+ 1-0

[Event "MP Reykjavik Open 2011"]
[Site "Reykjavik ISL"]
[Date "2011.03.14"]
[Round "7.53"]
[White "Magnusson, Magnus"]
[Black "Spaan, Nathanael"]
[Result "0-1"]
[WhiteElo "2026"]
[BlackElo "2228"]
[PlyCount "72"]
[EventDate "2011.03.09"]
[EventType "swiss"]
[EventRounds "9"]
[EventCountry "ISL"]
[Source "lmi"]
[SourceDate "2011.03.09"]

1. e4 c5 2. Nc3 Nc6 3. g3 g6 4. Bg2 Bg7 5. d3 d6 6. Be3 Nf6 7. h3 O-O 8. Qd2
Rb8 9. Bh6 b5 10. Bxg7 Kxg7 11. f4 b4 12. Nd1 e5 13. Ne2 d5 14. exd5 Nxd5 15.
O-O Bb7 16. f5 f6 17. fxg6 hxg6 18. g4 Nd4 19. Ng3 Nf4 20. Bxb7 Rxb7 21. c3
Nde6 22. Nf2 Ng5 23. Qe3 Ngxh3+ 24. Nxh3 Nxh3+ 25. Kg2 Nf4+ 26. Kg1 Qxd3 27.
Rae1 bxc3 28. bxc3 Qxe3+ 29. Rxe3 Rb2 30. Rd1 Rxa2 31. Kf1 Rb8 32. g5 Rbb2 33.
Rd7+ Kf8 34. Ne4 Rb1+ 35. Re1 Rxe1+ 36. Kxe1 Re2+ 0-1

[Event "MP Reykjavik Open 2011"]
[Site "Reykjavik ISL"]
[Date "2011.03.14"]
[Round "7.54"]
[White "Calder, Dennis"]
[Black "Agrest, Inna"]
[Result "0-1"]
[WhiteElo "1949"]
[BlackElo "2170"]
[PlyCount "68"]
[EventDate "2011.03.09"]
[EventType "swiss"]
[EventRounds "9"]
[EventCountry "ISL"]
[Source "lmi"]
[SourceDate "2011.03.09"]

1. d4 Nf6 2. Bg5 c5 3. Bxf6 gxf6 4. e3 d5 5. c3 Nc6 6. g3 e5 7. dxc5 Bxc5 8.
Bg2 Be6 9. Ne2 Qd7 10. O-O h5 11. b4 Bb6 12. c4 dxc4 13. Qa4 Ne7 14. Qxd7+ Bxd7
15. Bxb7 Rb8 16. Bg2 h4 17. Nbc3 hxg3 18. Nxg3 f5 19. Rfe1 Bc7 20. a3 e4 21.
Rad1 Be5 22. Nd5 Ba4 23. Nxe7 Kxe7 24. Rd5 Ke6 25. Ra5 Bb3 26. Rxa7 Rb6 27. Bf1
c3 28. Ra5 c2 29. Rc5 Rd6 30. Bc4+ Bxc4 31. Rxc4 Rd1 32. Rf1 Rd2 33. Re1 Bxg3
34. hxg3 Rd1 0-1

[Event "MP Reykjavik Open 2011"]
[Site "Reykjavik ISL"]
[Date "2011.03.14"]
[Round "7.55"]
[White "Bjornsson, Tomas"]
[Black "Salewski, Bernd"]
[Result "1/2-1/2"]
[WhiteElo "2158"]
[BlackElo "2056"]
[PlyCount "41"]
[EventDate "2011.03.09"]
[EventType "swiss"]
[EventRounds "9"]
[EventCountry "ISL"]
[Source "lmi"]
[SourceDate "2011.03.09"]

1. e4 e6 2. d4 d5 3. exd5 exd5 4. Bd3 Nc6 5. c3 Bd6 6. Qf3 Be6 7. Ne2 Qf6 8.
Qxf6 Nxf6 9. Bf4 O-O-O 10. O-O Ne7 11. Bxd6 Rxd6 12. Nf4 Bf5 13. Re1 Bxd3 14.
Nxd3 Ng6 15. Nd2 Re8 16. Rxe8+ Nxe8 17. Re1 Nf6 18. Nf1 Rd8 19. Ng3 Re8 20.
Rxe8+ Nxe8 21. f3 1/2-1/2

[Event "MP Reykjavik Open 2011"]
[Site "Reykjavik ISL"]
[Date "2011.03.14"]
[Round "7.56"]
[White "Bergsson, Stefan"]
[Black "Puuska, Heini"]
[Result "1/2-1/2"]
[WhiteElo "2158"]
[BlackElo "2014"]
[PlyCount "112"]
[EventDate "2011.03.09"]
[EventType "swiss"]
[EventRounds "9"]
[EventCountry "ISL"]
[Source "lmi"]
[SourceDate "2011.03.09"]

1. e4 e6 2. d4 d5 3. Nc3 dxe4 4. Nxe4 Bd7 5. Bd3 Bc6 6. Nf3 Nd7 7. O-O Ngf6 8.
Ng3 Bxf3 9. Qxf3 c6 10. c4 Be7 11. Re1 O-O 12. Bd2 Re8 13. Bc3 Qc7 14. Rac1 a6
15. Bb1 b5 16. b3 b4 17. Bb2 Rac8 18. d5 e5 19. Nf5 Bf8 20. Qh3 cxd5 21. cxd5
Qa5 22. Rcd1 Rc5 23. d6 Re6 24. g4 g6 25. Ne7+ Bxe7 26. dxe7 Rxe7 27. Qh4 Re6
28. Re3 Rd5 29. Rc1 Rc5 30. Rd1 Rd5 31. Rde1 Qb6 32. Rh3 Qd6 33. g5 Nh5 34. Qg4
Rd2 35. Ba1 Qc5 36. Rf3 Red6 37. Rfe3 a5 38. Qf3 Re6 39. Qa8+ Kg7 40. Qe4 Qe7
41. h4 Qc5 42. Bd3 Rxa2 43. Bc4 Re7 44. Bd4 Qc8 45. Qd5 Nf4 46. Qd6 Qa8 47. Bf1
Qe8 48. Bb5 Re6 49. Rxe5 Rxd6 50. Rd5+ f6 51. gxf6+ Kh6 52. Rxe8 Rxd5 53. Bxd7
Rxd4 54. f7 Rd1+ 55. Kh2 Rxf2+ 56. Kg3 Ne6 1/2-1/2